Latein Amerikanisch Karten Quiz - Statistiken

Allgemein
  • Dieses Quiz wurde 2.203 mal gespielt
  • Das Durchschnittsergebnis liegt bei 15 aus 20
Antworten auf der Karte
Die Antworten werden auf der Karte rot bzw. grün angezeigt, abhängig davon wie oft sie richtig erraten wurden.
 
Antwortstatistiken
Antwort % Korrekt
Mexiko
91%
Brasilien
90%
Argentinien
89%
Chile
88%
Panama
79%
Paraguay
79%
Bolivien
78%
Peru
78%
Venezuela
77%
Uruguay
76%
Kolumbien
75%
Ecuador
74%
Kuba
74%
Dominikanische Republik
72%
El Salvador
69%
Costa Rica
67%
Haiti
67%
Guatemala
65%
Nicaragua
62%
Honduras
59%
Keine übereinstimmenden Quizze gefunden
Verteilung der Resultate
Anzahl Personen mit jedem Resultat
Perzentil nach korrekt beantworteten Fragen
Ihre Resultats-Entwicklung
Sie haben dieses Quiz noch nicht gespielt